| 000 | 00664cam a2200229 4500 | ||
|---|---|---|---|
| 001 | ABS64121 | ||
| 008 | 000000n2001 000 0 eng u | ||
| 035 | _a(Sirsi) u113591 | ||
| 245 | _aRegional survey: London boroughs west | ||
| 260 | _c2001 | ||
| 490 |
_aProperty Week _v66(26) 29 June 2001, 51-70(7) |
||
| 590 | _aABS | ||
| 650 | _aHAMMERSMITH | ||
| 650 | _aHEATHROW | ||
| 650 | _aINDUSTRIAL MARKET | ||
| 650 | _aPROPERTY-COMMERCIAL PROPERTY-OFFICE PROPERTY-OFFICE PROPERTY MARKET | ||
| 650 | _aTELECOMS INDUSTRY | ||
| 650 | _aUXBRIDGE | ||
| 650 | _aWHITE CITY | ||
| 690 | _aPROPERTY-COMMERCIAL PROPERTY-COMMERCIAL PROPERTY MARKET | ||
| 942 | _n0 | ||
| 999 |
_c67681 _d67681 |
||